000 00658nam a2200277Ia 4500
005 20260324122627.0
008 008 260324s9999 xx 000 0 eng d
020 _a9780203794449
037 _aEBOOK
040 _aCRL
040 _beng
040 _cCRL
041 _2eng
041 _aeng
084 _qCRL
100 _aRussell Smith; Bronislaw Malinowski
_91167185
245 0 _aCrime and Custom in Savage Society
260 _bTaylor and Francis
260 _c2013
365 _a
365 _b255
856 _uhttp://www.taylorfrancis.com/books/9780203794449
942 _cEBOOK
999 _c1760066
_d1760066